El monje en el huerto (Record no. 17804)

MARC details
000 -LEADER
campo de control de longitud fija 00729nam a2200241 i 4500
001 - NÚMERO DE CONTROL
campo de control 17804
003 - IDENTIFICADOR DE NÚMERO DE CONTROL
campo de control ES-MaACL
005 - FECHA Y HORA DE LA ÚLTIMA TRANSACCIÓN
campo de control 20230906151658.0
007 - CAMPO FIJO DE DESCRIPCIÓN FÍSICA--INFORMACIÓN GENERAL
campo de control de longitud fija t|
008 - DATOS DE LONGITUD FIJA--INFORMACIÓN GENERAL
campo de control de longitud fija 010529s2001 sp ||||1| spa d
020 ## - NÚMERO INTERNACIONAL ESTÁNDAR DEL LIBRO
Número Internacional Estándar del Libro 84-8306-377-8
080 ## - NÚMERO DE LA CLASIFICACIÓN DECIMAL UNIVERSAL
Número de la Clasificación Decimal Universal 929 Mendel, Gregor
100 1# - ENTRADA PRINCIPAL--NOMBRE DE PERSONA
Nombre de persona Henig, Robin Marantz.
9 (RLIN) 62538
245 13 - MENCIÓN DEL TÍTULO
Título El monje en el huerto
Resto del título : la vida y el genio de Gregor Mendel, padre de la genética /
Mención de responsabilidad, etc. Robin Marantz Henig.
250 ## - MENCION DE EDICION
Mención de edición 1ª ed.
260 ## - PUBLICACIÓN, DISTRIBUCIÓN, ETC.
Lugar de publicación, distribución, etc. Madrid :
Nombre del editor, distribuidor, etc. Debate,
Fecha de publicación, distribución, etc. 2001.
300 ## - DESCRIPCIÓN FÍSICA
Extensión 287 p. ;
Dimensiones 24 cm.
490 1# - MENCIÓN DE SERIE
Mención de serie Pequeña gran historia
600 14 - PUNTO DE ACCESO ADICIONAL DE MATERIA--NOMBRE DE PERSONA
Nombre de persona Mendel, Gregor.
9 (RLIN) 80096
830 0# - PUNTO DE ACCESO ADICIONAL DE SERIE-TÍTULO UNIFORME
Título uniforme Pequeña gran historia
9 (RLIN) 179734
852 ## - LOCALIZACIÓN
Ubicación ES-MaACL
Número de control de estantería L-24715
Sublocalización o colección R.130086
Holdings
Estatus retirado Estado de pérdida Estado de daño No para préstamo Biblioteca de origen Biblioteca actual Ubicación en estantería Fecha de adquisición Fuente de adquisición Total de préstamos Signatura topográfica completa Código de barras Visto por última vez Precio de reemplazo Tipo de ítem Koha
        Biblioteca del Ateneo de Madrid Biblioteca del Ateneo de Madrid Depósito 2 17/01/2008     L-24715 1018183 23/02/2023 23/02/2023 Libro impreso